Trabajos del X congreso Argentino de ciencia y tecnología de alimentos 1er simposio internacional de nuevas tecnologías, Mar del Plata, Argentina 18 al 20 de mayo de 2005 /
Guardado en:
| Autores Corporativos: | , , |
|---|---|
| Formato: | Electrónico |
| Idioma: | Spanish |
| Publicado: |
Mar del Plata, Argentina :
AATA,
2005.
|
| Materias: | |
| Etiquetas: |
Agregar Etiqueta
Sin Etiquetas, Sea el primero en etiquetar este registro!
|
| LEADER | 01124nmm a22002295a 4500 | ||
|---|---|---|---|
| 001 | EIQ.libpla000888 | ||
| 008 | 060613s2005####ag#########m########spa#d | ||
| 005 | 20060725113019.0 | ||
| 245 | 1 | 0 | |a Trabajos del X congreso Argentino de ciencia y tecnología de alimentos |h [recurso electrónico] : |b 1er simposio internacional de nuevas tecnologías, Mar del Plata, Argentina 18 al 20 de mayo de 2005 / |c Asociación Argentina de Tecnólogos Alimentarios (AATA). |
| 256 | |a Datos electrónicos | ||
| 260 | |a Mar del Plata, Argentina : |b AATA, |c 2005. | ||
| 300 | |a 1 CD-ROM ; |c 12 cm. | ||
| 020 | |a 9872216517 | ||
| 111 | 2 | |a Congreso Argentino de Ciencia y Tecnología de Alimentos |n (10º : |d 2005 : |c Mar del Plata) | |
| 710 | 2 | |a Asociación Argentina de Tecnólogos Alimentarios (AATA) | |
| 711 | 2 | |a Simposio Internacional de Nuevas tecnologías |n (1er. : |d 2005 : |c Mar del Plata, Argentina) | |
| 650 | 4 | |a Tecnología de alimentos |x Congresos. | |
| 650 | 4 | |a Alimentos |x Congresos. | |
| 650 | 4 | |a Food |x Congresses. | |
| 650 | 4 | |a Food tecnology |x Congresses. | |
| 040 | |a AR-BbSID |b spa |c AR-BbSID | ||
| 859 | |a AR-BbSID |b BIB. PLAPIQUI |h 664 |i C 756 |p 5852 |v X | ||
